All Peanuts Characters - Statistics

General Stats
  • This quiz has been taken 110 times
  • The average score is 14 of 21
Answer Stats
Hint Answer % Correct
Main character Charlie Brown
100%
Main character's dog Snoopy
96%
Always dirty Pig-Pen
94%
Dog's partner Woodstock
94%
Crush's little brother Linus Van Pelt
93%
Named after a candy Peppermint Patty
90%
Main characters sister Sally Brown
90%
Main characters crush Lucy Van Pelt
89%
Piano player Schroeder
89%
Smart black kid Franklin
83%
Crush's other little brother Rerun Van Pelt
70%
Named after a color Violet Gray
68%
Named after a candy minus the candy Patty
61%
Dog's other partner Marcie
58%
Name starts with "Sh" Shermy
56%
Red fluffy haired girl Frieda
49%
Fat version of dog Olaf
34%
Name starts with "Jan" Janice Emmons
32%
Teacher Miss Othmar
24%
Name starts with "Pe" Peggy Jean
17%
Name starts with "J" Joe Agate
10%
No matching quizzes found
Score Distribution
Percent of People with Each Score
Percentile by Number Answered
Your Score History
You have not taken this quiz